Yah log bhai ghazab thay khakay aur shakhsi mutalay (Record no. 582350)

000 -LEADER
fixed length control field 00456nam a22001697a 4500
003 - CONTROL NUMBER IDENTIFIER
control field CEME
005 - DATE AND TIME OF LATEST TRANSACTION
control field 20210628205803.0
008 - FIXED-LENGTH DATA ELEMENTS--GENERAL INFORMATION
fixed length control field 210316b xxu||||| |||| 00| 0 eng d
040 ## - CATALOGING SOURCE
Transcribing agency .
082 ## - DEWEY DECIMAL CLASSIFICATION NUMBER
Classification number 928 KAS
100 ## - MAIN ENTRY--PERSONAL NAME
Personal name Dr. Syed Abu Alkher Kashfi
9 (RLIN) 77033
245 ## - TITLE STATEMENT
Title Yah log bhai ghazab thay khakay aur shakhsi mutalay
260 ## - PUBLICATION, DISTRIBUTION, ETC.
Place of publication, distribution, etc. LAHORE
Name of publisher, distributor, etc. FEROZE SONS
Date of publication, distribution, etc. 1996
300 ## - PHYSICAL DESCRIPTION
Extent 150P
650 ## - SUBJECT ADDED ENTRY--TOPICAL TERM
Topical term or geographic name entry element URDU ADAB-WRITERS-BIOGRAPHIES
9 (RLIN) 77034
942 ## - ADDED ENTRY ELEMENTS (KOHA)
Koha item type Book
Source of classification or shelving scheme
Holdings
Withdrawn status Lost status Damaged status Not for loan Permanent Location Current Location Shelving location Date acquired Total Checkouts Full call number Barcode Date last seen Price effective from Koha item type
        College of Electrical & Mechanical Engineering (CEME) College of Electrical & Mechanical Engineering (CEME) General Stacks 06/05/2017   928 KAS CEME-32789 06/28/2021 06/28/2021 Book
© 2023 Central Library, National University of Sciences and Technology. All Rights Reserved.